Online
Catalog

Nadie encendía las lámparas / (Record no. 2677)

MARC details
000 -CABECERA
campo de control de longitud fija 00831cam a2200241 a 4500
001 - NÚMERO DE CONTROL
campo de control 000002843
005 - FECHA Y HORA DE LA ÚLTIMA TRANSACCIÓN
campo de control 20200929150253.0
008 - DATOS DE LONGITUD FIJA--INFORMACIÓN GENERAL
campo de control de longitud fija 930920s2000 sp a b 001 1 spa
020 ## - NÚMERO INTERNACIONAL ESTÁNDAR DEL LIBRO
Número Internacional Estándar del Libro 8437611547
040 ## - FUENTE DE LA CATALOGACIÓN
Centro catalogador/agencia de origen DO-SdBNP
Lengua de catalogación spa
Centro/agencia transcriptor BNPHU
082 ## - NÚMERO DE LA CLASIFICACIÓN DECIMAL DEWEY
Número de clasificación UY863.3
Número de documento/Ítem H557n, 2000
100 1# - ENTRADA PRINCIPAL--NOMBRE DE PERSONA
Nombre de persona Hernández, Felisberto.
Fechas asociadas al nombre 1902-1964
9 (RLIN) 8996
245 10 - MENCIÓN DE TÍTULO
Título Nadie encendía las lámparas /
Mención de responsabilidad, etc. Felisberto Hernández ; edición de Enriqueta Morillas.
250 ## - MENCIÓN DE EDICIÓN
Mención de edición 2a ed.
260 ## - PUBLICACIÓN, DISTRIBUCIÓN, ETC.
Lugar de publicación, distribución, etc. Madrid :
Nombre del editor, distribuidor, etc. Cátedra,
Fecha de publicación, distribución, etc. 2000.
300 ## - DESCRIPCIÓN FÍSICA
Extensión 193 p. :
Otras características físicas il. ;
Dimensiones 18 cm.
440 #0 - MENCIÓN DE SERIE/PUNTO DE ACCESO ADICIONAL--TÍTULO
Título Letras hispánicas ;
Designación de volumen o secuencia 361
9 (RLIN) 4208
504 ## - NOTA DE BIBLIOGRAFÍA, ETC.
Nota de bibliografía, etc. Bibliografía: (p. 67-72).
600 10 - PUNTO DE ACCESO ADICIONAL DE MATERIA--NOMBRE DE PERSONA
Nombre de persona Hernández, Felisberto
Fechas asociadas al nombre 1902-1964
Subdivisión general CRÍTICA E INTERPRETACIÓN
9 (RLIN) 8997
650 #4 - PUNTO DE ACCESO ADICIONAL DE MATERIA--TÉRMINO DE MATERIA
Término de materia o nombre geográfico como elemento de entrada Cuentos uruguayos
9 (RLIN) 8971
650 #4 - PUNTO DE ACCESO ADICIONAL DE MATERIA--TÉRMINO DE MATERIA
Término de materia o nombre geográfico como elemento de entrada Literatura uruguaya
9 (RLIN) 3054
700 1# - PUNTO DE ACCESO ADICIONAL--NOMBRE DE PERSONA
Nombre de persona Morillas, Enriqueta,
Término indicativo de función/relación ed.
9 (RLIN) 8998
Holdings
Estado de retiro Estado de pérdida Restricciones de uso No para préstamo Código de colección Localización permanente Ubicación/localización actual Ubicación en estantería Fecha de adquisición Número de inventario Total de préstamos Signatura topográfica completa Código de barras Fecha visto por última vez Precio válido a partir de Tipo de ítem Koha
    Préstamo interno   Monografías: Libros y Folletos General General En catalogación 03.07.2009 LF1   UY863.3 H557n, 2000 2843-10 25.06.2020 25.06.2020 Préstamo interno

Powered by Koha